11 All-Time de l'Equipe d'Argentine - Statistiques

Statistiques générales
  • Ce quiz a été pris 241 fois
  • Le résultat moyen est 7 sur 16
Statistiques - réponses
Poste Années Réponse % Correct
Second Attaquant 2005- Lionel Messi
99%
Gardien 2021- Emiliano Martinez
93%
Ailier Droit 2008-2024 Angel Di Maria
88%
Milieu Offensif 1977-1994 Diego Maradona
87%
Défenseur Droit 1994-2011 Javier Zanetti
52%
Remplaçant (Défenseur Central) 2009- Nicolas Otamendi
52%
Remplaçant (Gardien) 2009-2018 Sergio Romero
39%
Remplaçant (Buteur) 1991-2002 Gabriel Batistuta
38%
Remplaçant (Milieu Offensif) 1997-2008 Juan Roman Riquelme
38%
Buteur 1973-1982 Mario Kempes
28%
Milieu de terrain 2000-2011 Esteban Cambiasso
16%
Défenseur Central 1973-1986 Daniel Passarella
13%
Milieu de terrain 1988-2002 Diego Simeone
12%
Défenseur Gauche 1995-2006 Juan Pablo Sorin
7%
Sélectionneur 1974-1982 César Menotti
3%
Défenseur Central 1983-1994 Oscar Ruggeri
1%
Aucun quiz correspondant
Distribution des résultats
% des personnes avec chaque résultat
Percentile par nombre de réponses
Votre historique - résultats
Vous n’avez pas pris ce quiz